Szczegóły MARC21

Ludzie starsi w perspektywie socjologicznej : problemy uczestnictwa społecznego /

003 -Nazwa inst., której nr kontr. jest w polu 001 [,]
    • @
    • Nazwa instytucji, której n kontrolny jest w polu 001
    • NUKAT
005 -DATA I CZAS OSTATNIEJ MODYFIKACJI [,]
    • @
    • pole kontrolne
    • 20241231091600.0
020 -Międzynarod. znormalizowany nr książki - ISBN [ , ]
    • a
    • Numer ISBN
    • 9788371644757 Find
040 -Instytucja sporządzająca opis [ , ]
    • a
    • Instytucja, która sporządziła opis (NP)
    • KAT U/21KS
    • c
    • Instytucja, która sporządziła rekord (NP)
    • KAT U/21KS
    • d
    • Instytucja, która zmodyfikowała rekord (P)
    • KAT U/21EZ
    • d
    • Instytucja, która zmodyfikowała rekord (P)
    • WR O/djas
    • d
    • Instytucja, która zmodyfikowała rekord (P)
    • KR U/42AKs
942 -Rodzaj dokumentu [ , ]
    • c
    • Rodzaj dokumentu
    • Książka
100 -Hasło główne - nazwa osobowa [1, ]
    • a
    • Nazwa osobowa (NP)
    • Niezabitowski, Marek.
    • 9
    • KHW
    • 480451
245 -Strefa tytułu i oznaczenia odpowiedzialności [1,0]
    • a
    • Tytuł
    • Ludzie starsi w perspektywie socjologicznej : Find
    • b
    • Ciąg dalszy tytułu (NP)
    • problemy uczestnictwa społecznego / Find
    • c
    • Pozostałe elementy strefy tytułu i oznaczenia odpowiedzialności (NP)
    • Marek Niezabitowski.
260 -Strefa adresu wydawniczego [ , ]
    • a
    • Miejsce wydania (P)
    • Katowice :
    • b
    • Nazwa wydawcy (P)
    • "Śląsk" Wydawnictwo Naukowe,
    • c
    • Data wydania (P)
    • 2007.
300 -Strefa opisu fizycznego [ , ]
    • a
    • Określenie formy książki i/lub objętość (NP)
    • 187, [1] s. ;
    • c
    • Format (NP)
    • 20 cm.
336 -Typ zawartości [ , ]
    • a
    • Termin opisujący typ zawartości
    • Tekst
    • b
    • Kod określający zawartość
    • txt
    • 2
    • Źródło (terminu i kodu)
    • rdacontent
337 -Typ mediów [ , ]
    • a
    • Tryb odtwarzania
    • Bez urządzenia pośredniczącego
    • b
    • Kod typu mediów
    • n
    • 2
    • Źródło (terminu i kodu)
    • rdamedia
338 -Typ/rodzaj nośnika [ , ]
    • a
    • Hasło opisujące typ nośnika
    • Wolumin
    • b
    • Kod typu nośnika
    • nc
    • 2
    • Źródło (terminu i kodu)
    • rdacarrier
490 -Strefa serii i książki wielotomowej - forma nie do wyszukiwania [1, ]
    • a
    • Tytuł (P)
    • Biblioteka Pracownika Socjalnego Find
830 -Hasło dodatkowe serii i opisu książki wielotomowej - tytuł ujednolicony/tytuł [ ,0]
    • a
    • Tytuł ujednolicony/tytuł (NP)
    • Biblioteka Pracownika Socjalnego
    • 9
    • KHW
    • 13191
504 -Uwaga dot. bibliogr. załącznikowej [ , ]
    • a
    • Uwaga dot. bibliografii załącznikowej
    • Bibliogr. s. 181-187.
080 -Uniwersalna Klasyfikacja Dziesiętna [ , ]
    • 2
    • Identyfikator wydania tablic
    • UDC-P058
    • a
    • Symbol klasyfikacji
    • 316.346.3
    • b
    • Dopowiedzenie
    • Zróżnicowanie demograficzne według wieku. Grupy wieku. Pokolenia.
    • x
    • Poddział wspólny
    • -053.9
    • b
    • Dopowiedzenie
    • -Ludzie starzy.
650 -Hasło przedmiotowe [ ,7]
    • a
    • Hasło przedmiotowe
    • Seniorzy
    • x
    • Określnik rzeczowy
    • sytuacja społeczna.
    • 2
    • Źródło terminu
    • kaba
    • 9
    • KHW
    • 117785
650 -Hasło przedmiotowe [ ,7]
    • a
    • Hasło przedmiotowe
    • Starość
    • x
    • Określnik rzeczowy
    • aspekt społeczny.
    • 2
    • Źródło terminu
    • kaba
    • 9
    • KHW
    • 363629
650 -Hasło przedmiotowe [ ,7]
    • a
    • Hasło przedmiotowe
    • Organizacje senioralne.
    • 2
    • Źródło terminu
    • kaba
    • 9
    • KHW
    • 128725
980 -Symbol UKD [ , ]
    • a
    • UKD
    • 316.346.3-053.9
710 -Hasło dodatkowe - nazwa ciała zbiorowego [2, ]
    • a
    • Nazwa ciała zbiorowego lub nazwa geograficzna jako pierwszy element (NP)
    • Wydawnictwo Naukowe "Śląsk".
    • 4
    • Kod relacji
    • pbl
    • 9
    • KHW
    • 58150
920 -ISBN [ , ]
    • a
    • ISBN
    • 978-83-7164-475-7 Find
Status udost. Lokalizacja Data inwentaryzacji Numer inwentarzowy
-3BG2009-04-07Pd.19792
1BG2009-04-07Pd.19791
1BNS2019-02-27H.32313